Online Catalogue and eLibrary

Kantharaye kusuma (Record no. 4587)

MARC details
000 -LEADER
fixed length control field 00407nam a2200157Ia 4500
005 - DATE AND TIME OF LATEST TRANSACTION
control field 20250703024552.0
008 - FIXED-LENGTH DATA ELEMENTS--GENERAL INFORMATION
fixed length control field 240331s9999 xx 000 0 und d
020 ## - INTERNATIONAL STANDARD BOOK NUMBER
ISBN 9789551188719
082 ## - DDC Classification
Item Number - Author Mark KAN
Class No. 920
245 #0 - TITLE STATEMENT
Title Kantharaye kusuma
260 ## - PUBLICATION, DISTRIBUTION, ETC.
Place of publication, distribution, etc. Colombo
Name of publisher, distributor, etc. Fast Publishing Private Limited
Date of publication, distribution, etc. 2007
300 ## - PHYSICAL DESCRIPTION
Extent (e.g. Volumes, Pages etc.) 282 p .,
500 ## - GENERAL NOTE
General note Translation of Wairis Diary
700 ## - ADDED ENTRY--PERSONAL NAME
Personal name Kuruppu,R.
Relator term (Role) Editor
942 ## - Koha item type (Biblio)
Koha item type Books in Stacks (Lending)
Holdings
Lost status Damaged status Collection code Home library Current library Shelving location Date acquired Full call number Accession Number Item type
    Lending WERC Library WERC Library Social Science Cupboard 03/31/2024 920 KAN 6015 Books in Stacks (Lending)

© WERC Library